00253nam a2200109 a 450000500170000000800410001705000170005810000060007524500190008126000370010044000060013720140414131917.0101019s19uu xx 00 eng d aERbB23 2004 a  aI see Barney!. aNew York :bScholastic ,c2004. a